000 nam a22 a 4500
999 _c484
_d484
005 20170504093511.0
008 170504s2015 -us||||| |||| 00| 0 eng d
020 _a9781305104969
020 _a130510496X
040 _aAKMAL
082 _a332.6457 CHA
090 _a332.6457
_bCHA
100 1 _aChance, Don M.
_91105
245 1 3 _aAn introduction to derivatives and risk management /
_cDon M. Chance, Robert Brooks.
250 _a10th edition.
260 _aMason, OH :
_bCengage Learning,
_c2015.
300 _a582, A-12, G-14, I-10 pages :
_billustrations (black and white) ;
_c26cm
500 _aPrevious edition: Mason, Ohio: South-Western Cengage Learning, 2013.
504 _aIncludes bibliographical references and index.
599 _aDALAM PROSES
650 0 _aDerivative securities.
_91106
650 0 _aRisk management.
_91107
700 _aBrooks, Robert Edwin,
_d1960-
_eauthor.
_91108
942 _2ddc
_cBOOK
950 _lAKMAL